MARC-Details
| 000 -Satzkennung |
| Kontrollfeld mit fester Länge |
02057nam a2200529 c 4500 |
| 001 - Kontrollnummer |
| Kontrollfeld |
BV002887873 |
| 003 - Kontrollnummer Identifier |
| Kontrollfeld |
DE-604 |
| 005 - Datum und Zeit der letzten Transaktion |
| Kontrollfeld |
20210705172732.0 |
| 007 - Feld mit fester Länge zur physischen Beschreibung - Allgemeine Information |
| Kontrollfeld mit fester Länge |
t |
| 008 - Feld mit fester Länge zur physischen Beschreibung - Allgemeine Angaben |
| Kontrollfeld mit fester Länge |
900725s1966 |||| 00||| ger d |
| 035 ## - Systemkontrollnummer |
| System-Kontrollnummer |
(OCoLC)8723807 |
| 035 ## - Systemkontrollnummer |
| System-Kontrollnummer |
(DE-599)BVBBV002887873 |
| 040 ## - Katalogisierungsquelle |
| Original-Katalogisierungsstelle |
DE-604 |
| Katalogisierungssprache |
ger |
| Übertragungsstelle |
RU-10907106 |
| 041 0# - Sprachcode |
| Sprachcode des Textes/der Tonspur oder des separaten Titels |
ger |
| 100 1# - Haupteintragung - Personenname |
| Personenname |
Dwinger, Edwin Erich |
| Datumsangaben in Verbindung mit einem Namen |
1898-1981 |
| Funktionsbezeichnung |
Verfasser |
| IDN des Normdatensatzes oder Standardnummer |
(DE-588)118681427 |
| Funktionsbezeichnungscode |
aut |
| 245 14 - Titel |
| Titel |
Die 12 Gespräche |
| Zusatz zum Titel |
1933 - 1945 |
| Verfasserangabe etc. |
Edwin Erich Dwinger |
| 246 13 - Titelvarianten |
| Hauptsachtitel/Kurztitel |
Die zwölf Gespräche |
| 264 #1 - Produktion, Veröffentlichung, Distribution, Herstellung und Urheberrechtsvermerk |
| Herstellungs-, Veröffentlichungs- Vertriebs-, Erzeugungsort |
Velbert [u.a.] |
| Produzent, Herausgeber, Distributor, Hersteller |
Blick-und-Bild-Verl. |
| Datum der Herstellung, der Veröffentlichung, des Vertriebs oder des Urheberschutzvermerks |
1966 |
| 300 ## - Physische Beschreibung |
| Umfang |
246 Seiten |
| 336 ## - Inhaltstyp |
| Inhaltstypterm |
Text |
| Inhaltstypcode |
txt |
| Quelle |
rdacontent |
| 337 ## - Medientyp |
| Bezeichnung des Medientyps |
ohne Hilfsmittel zu benutzen |
| Medientypcode |
n |
| Quelle |
rdamedia |
| 338 ## - Datenträgertyp |
| Datenträgertypbezeichnung |
Band |
| Datenträgertypcode |
nc |
| Quelle |
rdacarrier |
| 600 17 - Nebeneintragung unter einem Schlagwort - Personenname |
| Personenname |
Schulenburg, Friedrich Werner von der |
| Datumsangaben in Verbindung mit einem Namen |
1875-1944 |
| IDN des Normdatensatzes oder Standardnummer |
(DE-588)118999036 |
| Quelle der Ansetzung oder des Terms |
gnd |
| Koha-Normdatenidentnummer |
rswk-swf |
| 600 17 - Nebeneintragung unter einem Schlagwort - Personenname |
| Personenname |
Forster, Albert |
| Datumsangaben in Verbindung mit einem Namen |
1902-1952 |
| IDN des Normdatensatzes oder Standardnummer |
(DE-588)118684221 |
| Quelle der Ansetzung oder des Terms |
gnd |
| Koha-Normdatenidentnummer |
rswk-swf |
| 600 17 - Nebeneintragung unter einem Schlagwort - Personenname |
| Personenname |
Himmler, Heinrich |
| Datumsangaben in Verbindung mit einem Namen |
1900-1945 |
| IDN des Normdatensatzes oder Standardnummer |
(DE-588)11855123X |
| Quelle der Ansetzung oder des Terms |
gnd |
| Koha-Normdatenidentnummer |
rswk-swf |
| 600 17 - Nebeneintragung unter einem Schlagwort - Personenname |
| Personenname |
Darré, Walther |
| Datumsangaben in Verbindung mit einem Namen |
1895-1953 |
| IDN des Normdatensatzes oder Standardnummer |
(DE-588)118671030 |
| Quelle der Ansetzung oder des Terms |
gnd |
| Koha-Normdatenidentnummer |
rswk-swf |
| 600 17 - Nebeneintragung unter einem Schlagwort - Personenname |
| Personenname |
Guderian, Heinz |
| Datumsangaben in Verbindung mit einem Namen |
1888-1954 |
| IDN des Normdatensatzes oder Standardnummer |
(DE-588)118543156 |
| Quelle der Ansetzung oder des Terms |
gnd |
| Koha-Normdatenidentnummer |
rswk-swf |
| 600 17 - Nebeneintragung unter einem Schlagwort - Personenname |
| Personenname |
Schirach, Baldur von |
| Datumsangaben in Verbindung mit einem Namen |
1907-1974 |
| IDN des Normdatensatzes oder Standardnummer |
(DE-588)118607804 |
| Quelle der Ansetzung oder des Terms |
gnd |
| Koha-Normdatenidentnummer |
rswk-swf |
| 600 17 - Nebeneintragung unter einem Schlagwort - Personenname |
| Personenname |
Vlasov, Andrej A. |
| Datumsangaben in Verbindung mit einem Namen |
1901-1946 |
| IDN des Normdatensatzes oder Standardnummer |
(DE-588)118634461 |
| Quelle der Ansetzung oder des Terms |
gnd |
| Koha-Normdatenidentnummer |
rswk-swf |
| 648 #7 - Nebeneintragung unter einem Schlagwort - Zeitschlagwort |
| Zeitschlagwort |
Geschichte 1933-1945 |
| Quelle der Ansetzung oder des Terms |
gnd |
| Koha-Normdatenidentnummer |
rswk-swf |
| 650 #7 - Nebeneintragung unter einem Schlagwort - Sachschlagwort |
| Sachschlagwort oder geografischer Name als Eintragungselement |
Kriegsgeschichte |
| Quelle der Ansetzung oder des Terms |
fes |
| 650 #7 - Nebeneintragung unter einem Schlagwort - Sachschlagwort |
| Sachschlagwort oder geografischer Name als Eintragungselement |
Persönlichkeit |
| Quelle der Ansetzung oder des Terms |
fes |
| 650 #4 - Nebeneintragung unter einem Schlagwort - Sachschlagwort |
| Sachschlagwort oder geografischer Name als Eintragungselement |
Politik |
| 650 #4 - Nebeneintragung unter einem Schlagwort - Sachschlagwort |
| Sachschlagwort oder geografischer Name als Eintragungselement |
Weltkrieg (1939-1945) |
| 650 #4 - Nebeneintragung unter einem Schlagwort - Sachschlagwort |
| Sachschlagwort oder geografischer Name als Eintragungselement |
World War, 1939-1945 |
| Geografische Unterteilung |
Germany |
| 650 07 - Nebeneintragung unter einem Schlagwort - Sachschlagwort |
| Sachschlagwort oder geografischer Name als Eintragungselement |
Interview |
| IDN des Normdatensatzes oder Standardnummer |
(DE-588)4027503-6 |
| Quelle der Ansetzung oder des Terms |
gnd |
| Koha-Normdatenidentnummer |
rswk-swf |
| 650 07 - Nebeneintragung unter einem Schlagwort - Sachschlagwort |
| Sachschlagwort oder geografischer Name als Eintragungselement |
Persönlichkeit |
| IDN des Normdatensatzes oder Standardnummer |
(DE-588)4045242-6 |
| Quelle der Ansetzung oder des Terms |
gnd |
| Koha-Normdatenidentnummer |
rswk-swf |
| 650 07 - Nebeneintragung unter einem Schlagwort - Sachschlagwort |
| Sachschlagwort oder geografischer Name als Eintragungselement |
Drittes Reich |
| IDN des Normdatensatzes oder Standardnummer |
(DE-588)4013021-6 |
| Quelle der Ansetzung oder des Terms |
gnd |
| Koha-Normdatenidentnummer |
rswk-swf |
| 651 #7 - Nebeneintragung unter einem Schlagwort - Geografischer Name |
| Geografischer Name |
Sowjetunion |
| Quelle der Ansetzung oder des Terms |
fes |
| 651 #7 - Nebeneintragung unter einem Schlagwort - Geografischer Name |
| Geografischer Name |
Österreich |
| Quelle der Ansetzung oder des Terms |
fes |
| 651 #4 - Nebeneintragung unter einem Schlagwort - Geografischer Name |
| Geografischer Name |
Deutschland |
| 651 #4 - Nebeneintragung unter einem Schlagwort - Geografischer Name |
| Geografischer Name |
Germany |
| Allgemeine Unterteilung |
Politics and government |
| Chronologische Unterteilung |
1933-1945 |
| 651 #7 - Nebeneintragung unter einem Schlagwort - Geografischer Name |
| Geografischer Name |
Deutschland |
| IDN des Normdatensatzes oder Standardnummer |
(DE-588)4011882-4 |
| Quelle der Ansetzung oder des Terms |
gnd |
| Koha-Normdatenidentnummer |
rswk-swf |
| 655 #7 - Indexierungsterm - Genre/Form |
| IDN des Normdatensatzes |
|
| Genre/Form oder fokussierter Term |
Erlebnisbericht |
| Quelle der Ansetzung oder des Terms |
gnd-content |
| 940 1# - EQUIVALENCE OR CROSS-REFERENCE--UNIFORM TITLE [OBSOLETE] [CAN/MARC only] |
| Zählung des Teils/der Abteilung eines Werkes |
DHB |
| 942 ## - Zusätzliche Felder (Koha) |
| Klassifikation oder Aufstellungssystematik |
Andere/Generische Klassifikation |
| Koha-Medientyp |
Monographien |